000 00855nam a22002777a 4500
001 BR8107828
003 BR-BrBNA
005 20230928091127.0
007 ta
008 230509b bl.||||| |||| 00| 0 por d
040 _aBR-BrBNA
_bpor
_cBiblioteca Nacional de Agricultura
041 _a(Por)
072 _aE30
_b/G514
090 _ E30 BR8107828
110 1 _aSecretaria de Planejamento da Presidencia da Republica, Brasilia, DF (Brasil)
_99009
245 1 _a3. Plano Nacional de Desenvolvimento 1980/85 [politica governamental, Brasil]
260 3 _aBrasilia, DF (Brasil):
_c1981.
300 _a77 p.
650 _aPOLITICA DE DESENVOLVIMENTO
650 _aDESENVOLVIMENTO AGRICOLA
650 _aDESENVOLVIMENTO ECONOMICO
650 _aDESENVOLVIMENTO SOCIAL
650 _aDIRETRIZ
909 _a202309
_bLucia
_c55
_dLucia Elande
942 _cBK
999 _c32362
_d32362